[Event "4th Paytakht Cup 2019"]
[Site "Tehran"]
[Date "2019.11.06"]
[Round "8.10"]
[White "Bashirli, Nail"]
[Black "Cheraghi, Amin"]
[Result "1-0"]
[WhiteElo "2383"]
[BlackElo "2211"]
[Annotator "TA"]
[PlyCount "51"]
[EventDate "2019.10.30"]
[EventType "swiss"]
[EventCountry "IRI"]
[SourceTitle "playchess.com"]
[Source "ChessBase"]
[SourceQuality "1"]

{[%evp 24,65,23,0,0,-33,47,71,207,192,179,184,227,224,214,202,264,218,353,339,306,175,435,418,754,756,791,608,552,0,793,786,785,780,1283,1047,1024,1001,966,950,29987,29988,29995,29990]} 1. e4 c6 2. Nc3 d5 3. d4 dxe4 4. Nxe4 Bf5 5. Ng3 Bg6 6. h4 h6 7. Nf3 Nd7 8. h5 Bh7 9. Bd3 Bxd3 10. Qxd3 e6 11. Bd2 Ngf6 12. O-O-O Be7 13. Kb1 Qb6 {B19: Classical Caro-Kann: 4...Bf5 main line} 14. c4 (14. Ne5 Rd8 15. Qe2 O-O 16. Bc1 c5 17. Nxd7 Rxd7 18. dxc5 Qxc5 19. Rxd7 Nxd7 20. Ne4 Qc6 21. Rh3 {0-1 (55) Ponomariov,R (2675)-Esipenko,A (2624) Khanty-Mansiysk 2019}) 14... Rd8 (14... O-O $15) 15. Nh4 $14 O-O $146 {[#]} (15... Bb4 $16) ({Predecessor:} 15... Qa6 16. Rhe1 Ng4 17. Nhf5 exf5 18. Nxf5 Nde5 19. Qe2 Qxc4 20. Qxc4 Nxc4 21. Rxe7+ {½-½ (60) Frischmann,R (2306)-Winterberg,L (2375) Germany 2018}) 16. Ngf5 $1 $18 {[%mdl 512]} exf5 17. Nxf5 Kh8 {[#] ...Rfe8 is the strong threat.} 18. Qg3 $1 {[%csl Gf5][%cal Rg3g7]} ({Weaker is} 18. Nxe7 Ne5 $16) 18... Ne8 {And now ...Bf6 would win.} 19. Nxe7 Qxd4 {aiming for ...Qe4+.} 20. Rhe1 Qc5 (20... Qb6 $142 21. Bc3 Ndf6) 21. Bc3 Nef6 22. Bd4 (22. b4 $142 Qg5 23. Qxg5 hxg5 24. Nf5) 22... Qa5 $2 {[#]} (22... Qg5 {was called for.} 23. Qxg5 (23. Bxa7 Qxg3 24. fxg3 Rfe8 $14) 23... hxg5) 23. c5 $1 {[%mdl 512]} Rfe8 {[#]} (23... Nxc5 $142 24. Bxf6 Ne6) 24. Nf5 $1 {[%csl Gf5][%cal Rg3g7][%mdl 512]} Rg8 25. Qf4 Rge8 {[#]} 26. Rxe8+ {Played: Qf4-g3} 1-0

[Event "4th Paytakht Cup 2019"]
[Site "Tehran"]
[Date "2019.11.07"]
[Round "9.1"]
[White "Maghsoodloo, Parham"]
[Black "Meshkovs, Nikita"]
[Result "1/2-1/2"]
[WhiteElo "2664"]
[BlackElo "2548"]
[Annotator "TA"]
[PlyCount "73"]
[EventDate "2019.10.30"]
[EventType "swiss"]
[EventCountry "IRI"]
[SourceTitle "playchess.com"]
[Source "ChessBase"]
[SourceQuality "1"]

{[%evp 10,73,22,16,42,49,54,54,57,25,58,59,56,60,56,47,47,52,50,52,55,54,62,69,74,35,43,39,52,42,71,47,70,37,144,146,139,141,88,110,116,133,192,169,246,247,248,249,250,250,290,141,123,0,0,0,0,0,0,0,0,0,0,0,0,0]} 1. c4 e6 2. Nf3 Nf6 3. g3 a6 4. Bg2 b5 5. b3 Bb7 6. Nc3 c6 {A13: English Opening: 1...e6} 7. d4 d5 8. O-O Nbd7 {White is slightly better.} 9. Qc2 $146 ({Predecessor:} 9. c5 b4 10. Na4 a5 11. a3 bxa3 12. Bxa3 Be7 13. Nd2 O-O 14. Re1 {1-0 (43) Cvitan,O (2510)-Georgiev,K (2605) Vrsac 1987}) 9... Be7 10. c5 O-O 11. a3 a5 12. Bd2 Re8 13. b4 Bf8 14. Rad1 Qe7 15. Bf4 axb4 16. axb4 Ra6 17. h3 Rea8 18. Rfe1 Ra3 19. g4 h6 20. Bc1 R3a6 21. Nd2 e5 (21... R6a7 $14) 22. e4 $16 exd4 23. exd5 Qd8 24. dxc6 Bxc6 25. Bxc6 dxc3 (25... Rxc6 $16 26. Nxb5 Nd5) 26. Bxd7 $1 $18 ({Resist} 26. Bxb5 $6 cxd2 27. Qxd2 Ra2 $16) 26... cxd2 (26... Qxd7 {was called for.} 27. Qxc3 Rd8) 27. Qxd2 Ra2 28. Qf4 Nxd7 {[#]} 29. c6 $1 R2a7 30. Be3 ({Inferior is} 30. cxd7 Rxd7 31. Rxd7 Qxd7 $15) (30. Qf5 $18 {is the precise move to win.}) 30... Qf6 $16 ({Don't go for} 30... g5 $2 31. Qf5 $18) 31. Rxd7 ({White should try} 31. cxd7 $16 {And now Qxf6 would win.} Qxf4 32. Bxf4) 31... Ra1 $1 $11 {[%cal Ra1e1] The position is equal.} 32. Rxa1 Rxa1+ 33. Kh2 {[#] Black must now prevent Qxf6.} Rh1+ $1 34. Kg3 Rg1+ 35. Kh2 {White threatens Qxf6 and mate.} Rh1+ $1 36. Kg3 {Threatening mate with Qxf6.} Rg1+ 37. Kh2 {Accuracy: White = 67%, Black = 51%.} 1/2-1/2

[Event "4th Paytakht Cup 2019"]
[Site "Tehran"]
[Date "2019.11.07"]
[Round "9.2"]
[White "Pourramezanali, Amirreza"]
[Black "Mosadeghpour, Masoud"]
[Result "1/2-1/2"]
[WhiteElo "2478"]
[BlackElo "2500"]
[Annotator "TA"]
[PlyCount "90"]
[EventDate "2019.10.30"]
[EventType "swiss"]
[EventCountry "IRI"]
[SourceTitle "playchess.com"]
[Source "ChessBase"]
[SourceQuality "1"]

{[%evp 15,90,73,89,32,65,16,18,24,26,29,28,-16,-7,-9,10,6,3,0,0,0,4,-32,-33,-33,-30,-30,-30,-30,-30,-30,-30,-30,-30,-30,-30,-30,-30,-30,-29,-29,-29,-45,-29,-33,-34,-44,-31,-52,-41,-52,-52,-54,-48,-50,-27,-62,-28,-28,-27,-27,-25,-58,-46,-46,-46,-47,-39,-39,-36,-58,-49,-46,0,-58,0,-44,0]} 1. e4 c5 2. c3 d6 3. d4 Nf6 4. Bd3 g6 5. h3 Bg7 6. Nf3 O-O 7. O-O Nc6 8. d5 Na5 9. Nbd2 {B07: Pirc Defence: Miscellaneous Systems} ({White should try} 9. Na3 $16) (9. Be3 e6 10. dxe6 Bxe6 11. Nbd2 Re8 12. Re1 h6 13. Qc2 Rc8 14. Bb5 Re7 15. Rad1 a6 {½-½ (15) Savic,M (2519)-Popovic,D (2518) Valjevo 2018}) 9... e6 $146 ({Predecessor:} 9... b6 10. Qe2 e6 11. Nc4 Nxc4 12. Bxc4 exd5 13. exd5 Re8 14. Qd1 a6 15. a4 Bd7 16. Be3 b5 {0-1 (41) Zlatin,A (1992)-Bronstein,O (2118) Kiryat Ono 2015}) 10. c4 exd5 11. cxd5 {The position is equal.} Re8 12. Re1 c4 13. Nxc4 Nxc4 14. Bxc4 Rxe4 15. Rxe4 Nxe4 16. Qe2 Nf6 17. Bf4 Bf5 18. g4 Be4 19. Bg5 h6 {[#] Strongly threatening ...Bxf3.} 20. Bxf6 Bxf3 $1 21. Bxd8 Bxe2 22. Bxe2 {aiming for Bc7.} Rxd8 $11 {[%mdl 4096] Endgame KRB-KRB} 23. Rc1 Bxb2 24. Rb1 Bd4 25. Rxb7 Rc8 {...Rc2 is the strong threat.} 26. Rb4 Rc1+ 27. Kg2 Bc5 28. Re4 Kf8 29. Bb5 Rd1 30. Bc4 Rd2 31. Rf4 Rc2 32. Bb3 Rb2 33. h4 Kg7 34. h5 a5 35. Kf1 Rb1+ 36. Kg2 Re1 37. hxg6 fxg6 38. a4 Rb1 39. Bc2 Rb2 40. Rc4 Kf6 41. f4 Ra2 42. Rc3 Bd4 43. Rc4 $1 Bc5 44. Rc3 Bd4 45. Rc4 $1 Bc5 {Accuracy: White = 59%, Black = 61%.} 1/2-1/2

[Event "4th Paytakht Cup 2019"]
[Site "Tehran"]
[Date "2019.11.07"]
[Round "9.3"]
[White "Tahbaz, Arash"]
[Black "Ghaem Maghami, Ehsan"]
[Result "0-1"]
[WhiteElo "2476"]
[BlackElo "2544"]
[Annotator "TA"]
[PlyCount "98"]
[EventDate "2019.10.30"]
[EventType "swiss"]
[EventCountry "IRI"]
[SourceTitle "playchess.com"]
[Source "ChessBase"]
[SourceQuality "1"]

{[%evp 16,98,19,18,18,22,53,25,54,37,53,0,8,0,0,19,7,22,60,53,43,27,33,38,30,0,0,0,0,0,0,0,0,0,0,0,0,-7,-7,-9,-14,-55,0,-79,-41,-104,-107,-118,-118,-123,-125,-127,-123,-131,-127,-160,-176,-168,-168,-328,-274,-303,-315,-304,-229,-212,-154,-154,-154,-154,-161,-641,-641,-614,-606,-753,-739,-709,-635,-974,-953,-874,-871,-821,-818]} 1. e4 c5 2. Nf3 e6 3. d3 d5 4. Nbd2 Nc6 5. g3 Bd6 6. Bg2 Nge7 7. O-O O-O 8. Re1 Bc7 9. exd5 exd5 {A08: King's Indian Attack} (9... Nxd5 10. Nb3 b6 11. c4 Nde7 12. d4 Ba6 13. dxc5 Bxc4 14. Be3 Bd5 15. Rc1 Rb8 16. cxb6 Bxb6 17. Bf4 {0-1 (25) Warakomski,T (2490)-Edouard,R (2686) Warsaw 2012}) 10. d4 c4 11. Nf1 h6 {White has an edge.} 12. c3 Be6 13. Bd2 $146 ({Predecessor:} 13. Be3 b5 14. Qd2 Qd7 15. Bf4 Rab8 16. Bxc7 Qxc7 17. Nh4 {1-0 (40) Augustin,J-Smejkal,J Bratislava 1967}) 13... Nf5 14. Qc1 Re8 15. Bf4 Bxf4 16. Qxf4 g5 17. Qd2 Nd6 18. Ne5 f6 19. Nxc6 bxc6 20. h4 Kg7 21. hxg5 hxg5 22. Re2 Qd7 23. Rae1 Bf5 24. Rxe8 Rxe8 25. Ne3 Bg6 26. Qd1 Ne4 27. Qc1 Rb8 28. Nf1 Nd6 (28... a5 $15) 29. f3 (29. Nd2 $11 {remains equal.}) 29... Qb7 30. Re2 ({White should try} 30. Re6 $15 Nf7 31. f4) 30... Bd3 $17 31. Rf2 Re8 32. g4 Qe7 33. Ng3 {[#]} Qe1+ $1 34. Qxe1 Rxe1+ 35. Kh2 Ra1 36. a3 Rb1 37. Nf1 $2 {[#]} (37. Bh3) 37... Nc8 38. Ne3 Nb6 39. Rd2 Re1 40. Nd1 Re2 $36 {[%mdl 2048] Keeping White busy.} 41. Rxe2 Bxe2 {[%mdl 4096] Endgame KBN-KBN} 42. Ne3 Na4 43. Nc2 $2 (43. Kg1) 43... a5 $19 {Black is clearly winning.} 44. Kg3 Nxb2 45. Kf2 Bd3 46. Ne3 Na4 47. Nd1 Bc2 48. Ne3 Bb3 49. Nf5+ Kf8 {Accuracy: White = 46%, Black = 77%.} 0-1

[Event "4th Paytakht Cup 2019"]
[Site "Tehran"]
[Date "2019.11.07"]
[Round "9.4"]
[White "Kasparov, Sergey"]
[Black "Timofeev, Artyom"]
[Result "1/2-1/2"]
[WhiteElo "2464"]
[BlackElo "2595"]
[Annotator "TA"]
[PlyCount "72"]
[EventDate "2019.10.30"]
[EventType "swiss"]
[EventCountry "IRI"]
[SourceTitle "playchess.com"]
[Source "ChessBase"]
[SourceQuality "1"]

{[%evp 9,72,0,0,0,0,0,0,0,0,0,3,0,7,-8,0,-10,0,0,0,0,0,0,24,13,11,10,12,6,10,0,0,0,0,0,0,0,0,0,0,0,0,0,0,0,0,0,0,0,0,0,0,0,0,0,0,0,0,0,0,0,0,0,0,0,0]} 1. e4 e5 2. Nf3 Nf6 3. Nxe5 Qe7 4. d4 Nc6 5. Nxc6 (5. Nf3 Nxe4 6. Be2 d5 7. O-O Bg4 8. c4 O-O-O 9. cxd5 Nb4 10. Re1 f5 11. Nc3 Nxd5 12. Bd3 {1-0 (44) Morozevich,A (2665)-Timofeev,A (2569) Serpukhov 2018}) 5... Qxe4+ 6. Qe2 {C42: Petroff Defence: 3 Nxe5 and unusual White 3rd moves} Qxe2+ 7. Bxe2 {[#] aiming for Ne5.} dxc6 8. O-O Be6 9. Nd2 O-O-O 10. Nf3 h6 11. c3 c5 $146 ({Predecessor:} 11... Bd6 12. Re1 {½-½ (46) Lanin,B (2096)-Rakhimov,R (2161) ICCF email 2014}) 12. Bf4 Bd6 13. Bxd6 cxd6 14. a3 g5 15. Rfe1 g4 16. Nd2 cxd4 {The position is equal.} 17. cxd4 h5 18. Rac1+ Kb8 19. Bc4 Bxc4 20. Nxc4 Nd5 21. g3 a6 22. Ne3 Nxe3 23. fxe3 $11 {[%mdl 4096] Endgame KRR-KRR} h4 24. gxh4 Rxh4 25. Re2 Re8 26. Rf1 Rh3 27. Rxf7 Rhxe3 28. Rxe3 Rxe3 {KR-KR} 29. Rg7 Re4 30. d5 Rd4 31. b4 a5 32. bxa5 Rxd5 33. Rxg4 Rxa5 34. a4 b5 35. axb5 Rxb5 36. Rg7 Kc8 {Accuracy: White = 67%, Black = 74%.} 1/2-1/2

[Event "4th Paytakht Cup 2019"]
[Site "Tehran"]
[Date "2019.11.07"]
[Round "9.5"]
[White "Hosseinzadeh, Nima"]
[Black "Mousavi, Seyed Khalil"]
[Result "0-1"]
[WhiteElo "2247"]
[BlackElo "2501"]
[Annotator "TA"]
[PlyCount "56"]
[EventDate "2019.10.30"]
[EventType "swiss"]
[EventCountry "IRI"]
[SourceTitle "playchess.com"]
[Source "ChessBase"]
[SourceQuality "1"]

{[%evp 9,56,29,56,23,29,24,32,34,56,45,55,47,59,45,48,52,64,64,49,48,60,12,0,0,0,0,30,26,37,21,45,10,15,-23,0,0,35,0,0,-25,-22,-25,-20,-15,-6,-29986,-29987,-29987,-29988]} 1. e4 e5 2. Nf3 Nc6 3. Bb5 a6 4. Ba4 Nge7 5. c3 g6 6. d4 {C70: Ruy Lopez: 3...a6 4 Ba4, Norwegian and Delayed Schliemann} exd4 7. cxd4 b5 8. Bc2 {White is slightly better.} d5 9. exd5 Nb4 10. Bb3 Bg7 11. O-O Nbxd5 12. Bg5 (12. Nc3 O-O 13. Re1 h6 14. h3 Nxc3 15. bxc3 Bb7 16. Ne5 {½-½ (40) Caruana,F (2816)-Giri,A (2782) Leuven 2018}) 12... h6 $146 ({Predecessor:} 12... Qd6 13. Nbd2 O-O 14. Ne4 Qb6 15. Qd2 Kh8 16. Bxe7 Nxe7 {1-0 (57) Motylev,A (2648)-Panarin,M (2558) St Petersburg 2015}) 13. Bh4 g5 14. Bg3 O-O 15. Nbd2 Ng6 16. Re1 Ndf4 17. h4 gxh4 18. Nxh4 Nh3+ 19. gxh3 Nxh4 20. Qh5 Nf5 $1 {[%cal Rf5g3]} 21. Bf4 a5 22. Nf3 {Threatens to win with Kh2.} Nxd4 23. Nxd4 (23. Rad1 $5 {[%cal Rd1d4]} Nxf3+ 24. Qxf3 $11) 23... Qxd4 {[%mdl 64] [#] Double Attack} 24. Bxh6 {Hoping for Re3.} (24. Be3 $5 {[%cal Re3d4]} Qd7 25. Bc5 Qxh3 26. Qxh3 Bxh3 27. Bxf8 Kxf8 28. Rac1 $11) 24... Ra6 25. Bg5 {aiming for Re7.} Qd3 $1 $36 {[%mdl 2048] And now ...a4 would win. White is under pressure.} 26. Rac1 ({But not} 26. Re8 $2 Rg6 $19) 26... Bd4 {Strongly threatening ...Qg3+.} 27. Rcd1 $2 {[%mdl 8192]} (27. Kh2 $11 Bxf2 {[#]} 28. Bxf7+ $1 {[%mdl 512]} Rxf7 29. Re8+ {[%mdl 64] Double Attack} Kg7 30. Bf4 Qxh3+ 31. Qxh3 Bxh3 32. Be5+ Kh7 33. Kxh3) 27... Qg3+ $1 {[%mdl 64] Double Attack} 28. Kh1 Bb7+ {Accuracy: White = 71%, Black = 82%.} 0-1

[Event "4th Paytakht Cup 2019"]
[Site "Tehran"]
[Date "2019.11.07"]
[Round "9.6"]
[White "Nazari, Arad"]
[Black "Gholami Orimi, Mahdi"]
[Result "1/2-1/2"]
[WhiteElo "2337"]
[BlackElo "2437"]
[Annotator "TA"]
[PlyCount "97"]
[EventDate "2019.10.30"]
[EventType "swiss"]
[EventCountry "IRI"]
[SourceTitle "playchess.com"]
[Source "ChessBase"]
[SourceQuality "1"]

{[%evp 11,97,16,26,0,0,0,0,7,10,-12,-8,-20,-20,-24,-24,-22,-22,-28,-28,-31,-30,-43,-29,-91,-104,-77,-102,-72,-33,-37,-31,-39,-43,-42,-38,-28,-19,-26,-27,-47,-59,-45,-47,-48,-47,-41,-41,-78,0,0,0,0,0,0,0,0,8,8,8,8,18,8,8,8,8,8,8,8,8,0,8,8,8,8,68,68,60,18,19,18,25,8,8,8,8,8,8,0]} 1. e4 c5 2. Nf3 Nc6 3. Bb5 g6 4. Bxc6 bxc6 5. O-O Bg7 6. Re1 Nh6 7. e5 {B31: Sicilian: 2...Nc6 3 Bb5 g6} (7. c3 O-O 8. h3 f5 9. e5 Nf7 10. d3 d6 11. Bf4 Ba6 12. Na3 Rb8 13. Qd2 dxe5 14. Nxe5 Nxe5 15. Bxe5 Bxe5 16. Rxe5 Qxd3 {1-0 (50) Amin,B (2686)-Guseinov,G (2667) Hoogeveen 2018}) 7... O-O 8. d3 f6 9. exf6 Rxf6 $146 ({Predecessor:} 9... exf6 10. Nbd2 Nf7 11. b3 f5 12. Rb1 d6 13. Bb2 Bxb2 14. Rxb2 Qf6 {0-1 (32) Haring,V (2320)-Gazik,V (2477) Liptovsky Mikulas 2018}) 10. Nc3 d6 11. h3 Nf5 12. Ne4 Rf8 13. c3 e5 14. Bg5 Qc7 15. Qc1 a5 16. Nh2 Ba6 17. g4 (17. c4 $11) 17... Bxd3 $17 18. gxf5 gxf5 19. Nd2 f4 20. Kh1 Qd7 {[#] Strongly threatening ...h6.} 21. Rg1 Qxh3 22. Qd1 ({Don't play} 22. Be7 Rf7 $17) 22... Ra7 {aiming for ...h6.} 23. Qg4 Qxg4 $1 24. Nxg4 Kf7 25. Bh6 Bxh6 26. Nxh6+ Ke6 27. f3 $1 Rb8 28. b3 a4 29. Ng4 axb3 (29... Bg6 $17) 30. axb3 $11 Rba8 31. Rxa7 Rxa7 32. Nf2 Ra2 33. Nde4 Bxe4 34. Nxe4 {[%mdl 4096] Endgame KRN-KR} Ra5 35. Ng5+ Kf5 36. Nxh7 Ra3 37. Rg5+ Ke6 38. Rg6+ Ke7 39. Rg7+ Ke6 40. Rg6+ Ke7 41. Ng5 {Hoping for Ne4.} Rxb3 42. c4 Rb1+ (42... Rb4 $11) 43. Kg2 $14 Rc1 44. Ne4 (44. Kh3 $5 {[%cal Rh3g4]}) 44... d5 45. Nxc5 {Black must now prevent Re6+.} Rxc4 46. Rxc6 e4 {The position is equal.} 47. fxe4 dxe4 48. Re6+ Kf7 49. Rxe4 {Accuracy: White = 53%, Black = 80%.} 1/2-1/2

[Event "4th Paytakht Cup 2019"]
[Site "Tehran"]
[Date "2019.11.07"]
[Round "9.7"]
[White "Darini, Pouria"]
[Black "Rastbod, Ali"]
[Result "1-0"]
[WhiteElo "2427"]
[BlackElo "2326"]
[Annotator "TA"]
[PlyCount "49"]
[EventDate "2019.10.30"]
[EventType "swiss"]
[EventCountry "IRI"]
[SourceTitle "playchess.com"]
[Source "ChessBase"]
[SourceQuality "1"]

{[%evp 9,49,35,40,20,26,16,20,0,123,123,130,136,135,131,144,145,162,174,221,206,431,421,510,536,550,523,532,529,766,760,709,763,762,745,682,553,789,702,991,955,1154,1142]} 1. Nf3 d5 2. c4 d4 3. b4 g5 4. Bb2 Bg7 5. Nxg5 e5 6. Nh3 $146 {A09: Réti Opening: 1 Nf3 d5 2 c4} ({Predecessor:} 6. Ne4 f5 7. Nc5 b6 8. Nd3 Bb7 9. e3 Qh4 10. exd4 exd4 {½-½ (42) Duda,J (2724)-Bartel,M (2604) Warsaw 2018}) 6... c5 7. b5 Be6 8. d3 {The position is equal.} Qh4 (8... a6 $11) 9. Nd2 Nf6 10. g3 Qh6 11. Bg2 Nbd7 12. Ng1 Rb8 13. Bc1 Qg6 14. Ngf3 O-O $2 (14... Bh6 15. Qa4 O-O 16. Qxa7 b6) 15. Nh4 $18 {White is clearly winning.} Qh5 16. Bf3 Bg4 {[#]} 17. h3 $1 {[%cal Rh3g4]} Bxf3 18. Ndxf3 e4 19. g4 Nxg4 20. hxg4 Qxg4 21. Rg1 Qe6 22. Ng5 Qf6 23. dxe4 d3 24. Rb1 dxe2 25. Qxe2 {Accuracy: White = 74%, Black = 24%.} 1-0

[Event "4th Paytakht Cup 2019"]
[Site "Tehran"]
[Date "2019.11.07"]
[Round "9.8"]
[White "Daghli, Arash"]
[Black "Hamidi, Amir Mohammad"]
[Result "1/2-1/2"]
[WhiteElo "2387"]
[BlackElo "2254"]
[Annotator "TA"]
[PlyCount "38"]
[EventDate "2019.10.30"]
[EventType "swiss"]
[EventCountry "IRI"]
[SourceTitle "playchess.com"]
[Source "ChessBase"]
[SourceQuality "1"]

{[%evp 16,38,4,-19,-22,-19,-25,-15,-14,-13,-29,-29,-14,-20,-4,-14,-4,-31,0,-28,-31,-30,-28,-25,-33]} 1. d4 Nf6 2. c4 e6 3. g3 d5 4. Bg2 dxc4 5. Qa4+ Nbd7 6. Qxc4 c5 7. Nf3 a6 8. Qc2 b6 9. O-O Bb7 {E03: Open Catalan: 5 Qa4+ Nbd7 6 Qxc4} 10. Rd1 (10. Nc3 cxd4 11. Nxd4 Bxg2 12. Kxg2 Bc5 13. Rd1 Qc8 14. e4 O-O 15. Qe2 Qb7 16. f3 Ne5 17. Bf4 {0-1 (40) Matlakov,M (2700)-Duda,J (2738) St Petersburg 2018}) 10... Rc8 11. Nc3 cxd4 {The position is equal.} 12. Nxd4 Bxg2 13. Kxg2 Qc7 14. f3 Be7 15. e4 O-O 16. a4 $146 ({Predecessor:} 16. Be3 Qb7 17. Rac1 Rc4 18. Qe2 Rfc8 19. Nb1 Ne5 {½-½ (19) Ftacnik,L (2360)-Diesen,M (2360) Groningen 1977}) 16... Qb7 17. Be3 Bb4 18. Nde2 Ne5 19. Bd4 Nfd7 1/2-1/2

[Event "4th Paytakht Cup 2019"]
[Site "Tehran"]
[Date "2019.11.07"]
[Round "9.9"]
[White "Roozbayan, Reza"]
[Black "Bashirli, Nail"]
[Result "0-1"]
[WhiteElo "2152"]
[BlackElo "2383"]
[Annotator "TA"]
[PlyCount "70"]
[EventDate "2019.10.30"]
[EventType "swiss"]
[EventCountry "IRI"]
[SourceTitle "playchess.com"]
[Source "ChessBase"]
[SourceQuality "1"]

{[%evp 22,70,0,0,5,-18,-7,-17,-19,-93,-91,-92,-95,-80,-14,-20,-24,-23,-6,-6,0,-11,0,0,0,0,13,0,25,0,27,-12,0,-66,-88,-155,-168,-153,-159,-187,-189,-243,-242,-357,-344,-572,-572,-558,-526,-831,-827]} 1. Nf3 Nf6 2. c4 e6 3. Nc3 d5 4. d4 Nbd7 5. e3 Be7 6. Bd3 O-O 7. O-O dxc4 8. Bxc4 c5 9. Qe2 cxd4 10. exd4 Nb6 11. Bd3 Nbd5 12. Bg5 b6 $146 {D41: Queen's Gambit Declined: Semi-Tarrasch with 5 cxd5} ({Predecessor:} 12... h6 13. Bd2 b6 14. Rad1 Bb7 15. Rfe1 Nxc3 16. bxc3 Qd5 17. c4 Qh5 18. d5 Bc5 19. Bc3 Ng4 20. Qe4 g6 21. Re2 exd5 22. cxd5 Bxd5 23. Qf4 Rad8 24. h3 Bxf3 25. Qxf3 Nxf2 26. Rxf2 Bxf2+ {0-1 (26) Kristiansen,J (2433)-Romero Echeverria,A (2112) Havana 2013}) 13. Rad1 Bb7 14. Ne5 Rc8 {The position is equal.} 15. Ba6 (15. Bd2 $11 {keeps the balance.}) 15... Nxc3 16. bxc3 Bxa6 17. Qxa6 Ne4 (17... Rxc3 $17 {Threatening ...Nd5.} 18. Qxa7 Nd5 19. Bxe7 Nxe7) 18. Bxe7 $11 Qxe7 19. c4 f6 20. Nf3 Rfd8 21. Rfe1 f5 22. Ne5 Rc7 23. a3 Qd6 (23... Qh4 $5 {[%cal Rh4f2]} 24. g3 Qh5 $11) 24. f3 Nf6 25. c5 Qe7 26. c6 Rd5 27. Qc4 (27. Qd3 $11) 27... Qxa3 $15 28. Nd3 (28. Rd2 $142) 28... b5 $17 29. Qc2 Qd6 ({But not} 29... Rxd4 30. Rxe6 Rc8 31. Ree1 $17) 30. Qb3 Rxd4 ({Much less strong is} 30... Rxc6 31. Nb4 $15) (30... Qxc6 31. Rc1 $17) 31. Qxb5 (31. Nf4 $142 Rxd1 32. Rxd1 Qc5+ 33. Kf1 Rxc6 34. Nxe6 Qc4+ 35. Qxc4 bxc4 36. Rd8+ Kf7 37. Nd4) 31... Rxc6 $19 {[#] ...Rb6 is the strong threat.} 32. Qb7 (32. Nf2 $142 Rxd1 33. Rxd1) 32... h6 33. Qxa7 $2 (33. Nf2 Rxd1 34. Rxd1) 33... Ra6 {Black is clearly winning.} ({Stronger than} 33... Rxd3 34. Rxd3 Nd5 35. Rb3 $16) 34. Qc5 Rxd3 35. Qc8+ Kh7 {Accuracy: White = 30%, Black = 54%.} 0-1